[Event "XVI Ugra Cup 2020"]
[Site "Khanty-Mansiysk"]
[Date "2020.12.02"]
[Round "3.4"]
[White "Iljiushenok, Ilia"]
[Black "Tunik, Sergey"]
[Result "1/2-1/2"]
[WhiteElo "2539"]
[BlackElo "2128"]
[Annotator "ChessBase"]
[PlyCount "63"]
[EventDate "2020.11.30"]
[EventType "swiss"]
[EventCountry "RUS"]
[SourceTitle "playchess.com"]
[Source "ChessBase"]
[SourceQuality "1"]
[TimeControl "5400+30"]

1. e4 {[%emt 0:00:00]} d5 {[%emt 0:00:00]} 2. exd5 {[%emt 0:00:00]} Qxd5 {[%emt 0:00:00]} 3. Nc3 {[%emt 0:00:00]} Qa5 {[%emt 0:00:00]} 4. d4 {[%emt 0:01:09]} Nf6 {[%emt 0:00:00]} 5. Nf3 {[%emt 0:03:25]} c6 {[%emt 0:00:07]} 6. Bc4 {[%emt 0:01:43]} Bf5 {[%emt 0:00:15]} 7. Bd2 {[%emt 0:02:33]} e6 {[%emt 0:00:13]} 8. Nd5 Qd8 {[%emt 0:00:07]} 9. Nxf6+ {[%emt 0:00:36]} gxf6 {[%emt 0:06:58]} 10. O-O {[%emt 0:19:38]} Nd7 {[%emt 0:13:55]} 11. Bf4 Nb6 {[%emt 0:00:30]} 12. Bb3 {[%emt 0:02:26]} Bd6 {[%emt 0:07:57]} 13. Bg3 {[%emt 0:06:25]} Bg4 {[%emt 0:05:53]} 14. Re1 {[%emt 0:11:30]} Bxg3 {[%emt 0:04:26]} 15. hxg3 {[%emt 0:03:59]} Qe7 {[%emt 0:06:23]} 16. a4 Rd8 {[%emt 0:00:23]} 17. a5 {[%emt 0:02:47]} Nd5 18. Qd3 {[%emt 0:03:21]} Bxf3 {[%emt 0:05:30]} 19. Qxf3 {[%emt 0:00:44]} Nc7 {[%emt 0:07:11]} 20. Rad1 {[%emt 0:09:00]} Rg8 21. Re4 Rg5 {[%emt 0:10:30]} 22. Rf4 {[%emt 0:01:05]} f5 {[%emt 0:02:37]} 23. Rh4 {[%emt 0:00:32]} Rg7 {[%emt 0:01:39]} 24. c3 {[%emt 0:02:15]} Kf8 {[%emt 0:03:43]} 25. Re1 {[%emt 0:01:03]} Kg8 {[%emt 0:01:28]} 26. Re5 {[%emt 0:05:44]} Qg5 {[%emt 0:03:29]} 27. Rf4 Nd5 {[%emt 0:05:29]} 28. Bxd5 {[%emt 0:02:06]} Rxd5 {[%emt 0:03:00]} 29. Rxd5 {[%emt 0:03:32]} cxd5 {[%emt 0:00:08]} 30. c4 {[%emt 0:00:06]} Qd8 {[%emt 0:01:19]} 31. cxd5 {[%emt 0:04:50]} Qxa5 {[%emt 0:00:26]} 32. dxe6 {[%emt 0:01:07]} 1/2-1/2

[Event "XVI Ugra Cup 2020"]
[Site "Khanty-Mansiysk"]
[Date "2020.12.02"]
[Round "3.6"]
[White "Matinian, Nikita"]
[Black "Sabirov, Timur"]
[Result "1-0"]
[WhiteElo "2470"]
[BlackElo "2057"]
[Annotator "TA"]
[PlyCount "55"]
[EventDate "2020.11.30"]
[EventType "swiss"]
[EventCountry "RUS"]
[SourceTitle "playchess.com"]
[Source "ChessBase"]
[SourceQuality "1"]

{[%evp 11,55,37,37,18,22,29,31,0,0,0,0,0,0,-12,-23,-27,352,346,347,331,346,353,337,334,339,345,348,325,709,237,206,0,712,720,689,695,720,699,1367,1348,1295,1287,1268,1251,1193,1171]} 1. e4 c5 2. Nf3 e6 3. d4 cxd4 4. Nxd4 Nc6 5. Nc3 Qc7 6. Be3 a6 7. Qf3 {B48: Sicilian: Taimanov: 5 Nc3 Qc7 6 Be3 a6 without Be2.} Nf6 8. O-O-O {[%cal Ba1d1,Bd1d4,Bd4c4][%mdl 32]} d6 9. Be2 {White is slightly better.} Nxd4 10. Rxd4 b5 {[#]} 11. e5 $146 ({Predecessor:} 11. Kb1 Bb7 12. Rhd1 Rc8 13. Bg5 Be7 14. Qe3 O-O 15. Bxf6 Bxf6 16. Rxd6 Be5 17. Rd7 {1-0 (59) Oparin,G (2575)-Timofeev,A (2598) Sochi 2016}) 11... Bb7 12. Nxb5 axb5 13. Bxb5+ Nd7 $2 {[%mdl 8192]} (13... Kd8 $1 $11 {and Black is okay.} 14. exd6 Qd7) 14. Rc4 $18 Qb8 15. Bxd7+ {[%mdl 64] [#] Overworked Piece} Kxd7 16. Qxf7+ Be7 17. exd6 (17. Qxg7 Qf8 $17) 17... Qxd6 18. Bc5 Raf8 19. Qxg7 Rfg8 $2 {[#]} (19... Rhg8 20. Qxh7 Rh8) 20. Qf7 $2 $40 {[%mdl 128] White goes for the king.} ({Weaker is} 20. Bxd6 Rxg7 21. Be5 Rhg8 $18) (20. Qc3 Bg5+ 21. Kb1) 20... Rf8 21. Qg7 $2 ({Worse is} 21. Bxd6 Rxf7 22. Be5 Rc8 $11) (21. Qxf8 Rxf8 22. Bxd6 Bxd6 23. f3) 21... Rfg8 $1 {[%cal Rg8g7]} 22. Qc3 {White is clearly winning.} ({Less strong is} 22. Bxd6 Rxg7 23. Be5 Rhg8 $18) 22... Bg5+ 23. Kb1 Qa6 {and the idea ...Bd5 leaves Black hopeful.} 24. Ba3 Bf6 25. Rc7+ Kd8 26. Rd1+ Bd5 27. Qc5 Rg4 28. Ra7 {Weighted Error Value: White=0.62/Black=0.42} 1-0

[Event "XVI Ugra Cup 2020"]
[Site "Khanty-Mansiysk"]
[Date "2020.12.02"]
[Round "3.7"]
[White "Rozum, Ivan"]
[Black "Demchenko, Anton"]
[Result "1-0"]
[WhiteElo "2563"]
[BlackElo "2626"]
[Annotator "TA"]
[PlyCount "36"]
[EventDate "2020.11.30"]
[EventType "swiss"]
[EventCountry "RUS"]
[SourceTitle "playchess.com"]
[Source "ChessBase"]
[SourceQuality "1"]

{[%evp 12,23,14,14,7,12,15,19,17,0,2,11,45,42]} 1. d4 Nf6 2. c4 e6 3. g3 Bb4+ 4. Bd2 a5 5. Bg2 d5 6. Nf3 O-O 7. Qc2 $1 {[%mdl 4] is now more promising than 7.0-0.} Be7 {E11: Bogo-Indian.} 8. O-O c6 9. Rd1 Nbd7 10. b3 b6 11. Bc3 Ne4 12. Ne5 {[#] White took control after the opening.  Weighted Error Value: White=0.03/Black=0.06} {Predecessor:} Nxe5 $146 13. Bxe4 f5 14. Bg2 Ng4 15. e3 h5 16. Nd2 h4 17. h3 Nf6 18. gxh4 Ne4 {1-0 (52) Leko,P (2663)-Giri,A (2764) chess24.com INT 2020} 1-0

[Event "XVI Ugra Cup 2020"]
[Site "Khanty-Mansiysk"]
[Date "2020.12.02"]
[Round "3.8"]
[White "Zvjaginsev, Vadim"]
[Black "Sharikov, Alexander"]
[Result "1/2-1/2"]
[WhiteElo "2602"]
[BlackElo "2202"]
[Annotator "TA"]
[PlyCount "27"]
[EventDate "2020.11.30"]
[EventType "swiss"]
[EventCountry "RUS"]
[SourceTitle "playchess.com"]
[Source "ChessBase"]
[SourceQuality "1"]

{[%evp 9,27,13,11,0,8,0,17,0,0,-8,-3,-10,-5,-7,0,0,0,-19,-30,-72]} 1. Nf3 d5 2. g3 c6 3. Bg2 Bg4 4. O-O Nd7 5. h3 Bxf3 6. exf3 {A07: Réti Opening: New York and Capablanca Systems.} e6 7. f4 Bd6 8. d3 {The position is equal.} Ne7 9. Nd2 {[#]} O-O $146 ({Predecessor:} 9... Nf5 10. Nf3 Qb6 11. c3 h6 12. Re1 Qc7 13. Qe2 O-O-O 14. Bd2 g5 15. fxg5 {½-½ (15) Markowski,T (2605)-Slobodjan,R (2555) Germany 2008}) 10. Re1 a5 11. a4 b5 12. axb5 cxb5 13. d4 Qc7 14. Bf1 {Weighted Error Value: White=0.08/Black=0.05} 1/2-1/2

[Event "XVI Ugra Cup 2020"]
[Site "Khanty-Mansiysk"]
[Date "2020.12.02"]
[Round "3.9"]
[White "Tsydypov, Zhamsaran"]
[Black "Pingin, Artem"]
[Result "1/2-1/2"]
[WhiteElo "2558"]
[BlackElo "2244"]
[Annotator "ChessBase"]
[PlyCount "68"]
[EventDate "2020.11.30"]
[EventType "swiss"]
[EventCountry "RUS"]
[SourceTitle "playchess.com"]
[Source "ChessBase"]
[SourceQuality "1"]
[TimeControl "5400+30"]

1. d4 Nf6 {[%emt 0:00:00]} 2. c4 {[%emt 0:00:41]} e6 3. Nf3 {[%emt 0:00:09]} b6 {[%emt 0:00:04]} 4. g3 {[%emt 0:00:14]} Bb7 {[%emt 0:00:00]} 5. Bg2 {[%emt 0:00:12]} Bb4+ {[%emt 0:01:25]} 6. Nbd2 {[%emt 0:01:32]} a5 {[%emt 0:02:02]} 7. O-O {[%emt 0:03:22]} O-O {[%emt 0:01:30]} 8. Nb1 {[%emt 0:03:30]} Be7 {[%emt 0:02:19]} 9. d5 {[%emt 0:00:08]} exd5 {[%emt 0:01:43]} 10. Nh4 {[%emt 0:01:07]} c6 11. cxd5 {[%emt 0:00:05]} Nxd5 {[%emt 0:01:51]} 12. Nf5 {[%emt 0:04:47]} Nc7 {[%emt 0:13:52]} 13. Qd4 {[%emt 0:00:46]} Bf6 14. Qxb6 {[%emt 0:00:45]} Ba6 {[%emt 0:01:59]} 15. Nc3 {[%emt 0:05:21]} d5 {[%emt 0:18:32]} 16. Rd1 {[%emt 0:00:20]} Ne6 {[%emt 0:05:40]} 17. Qe3 {[%emt 0:08:36]} Qc7 {[%emt 0:01:51]} 18. Qd2 {[%emt 0:01:43]} Rd8 19. e3 {[%emt 0:02:57]} Nd7 {[%emt 0:03:32]} 20. Qc2 {[%emt 0:01:31]} Rab8 {[%emt 0:08:47]} 21. b3 {[%emt 0:02:42]} a4 {[%emt 0:01:42]} 22. Ba3 {[%emt 0:00:49]} axb3 {[%emt 0:05:49]} 23. axb3 Qb6 24. Be7 {[%emt 0:11:06]} Re8 {[%emt 0:06:27]} 25. Bxf6 {[%emt 0:04:12]} Nxf6 {[%emt 0:00:06]} 26. b4 g6 {[%emt 0:04:19]} 27. Nd4 {[%emt 0:02:20]} Bc4 {[%emt 0:05:06]} 28. Rab1 {[%emt 0:09:22]} Qc7 29. b5 Nxd4 {[%emt 0:04:31]} 30. Rxd4 {[%emt 0:01:04]} Qa5 {[%emt 0:02:11]} 31. Rf4 {[%emt 0:09:23]} Nh5 {[%emt 0:02:53]} 32. Rxc4 {[%emt 0:09:44]} dxc4 33. Bxc6 {[%emt 0:00:04]} Red8 {[%emt 0:02:45]} 34. Nd5 {[%emt 0:00:56]} c3 {[%emt 0:03:54]} 1/2-1/2

[Event "XVI Ugra Cup 2020"]
[Site "Khanty-Mansiysk"]
[Date "2020.12.02"]
[Round "3.10"]
[White "Alekseenko, Mariya"]
[Black "Pridorozhni, Aleksei"]
[Result "0-1"]
[WhiteElo "1724"]
[BlackElo "2590"]
[Annotator "TA"]
[PlyCount "98"]
[EventDate "2020.11.30"]
[EventType "swiss"]
[EventCountry "RUS"]
[SourceTitle "playchess.com"]
[Source "ChessBase"]
[SourceQuality "1"]

{[%evp 21,98,12,25,0,0,-12,-14,-16,31,7,14,-36,-31,-47,-21,-128,-126,-142,-135,-127,-132,-145,-143,-158,-155,-168,-174,-197,-202,-267,-268,-258,-241,-235,-171,-166,-175,-502,-495,-502,-498,-475,-436,-580,-585,-582,-510,-504,-419,-367,-347,-29961,-29962,-29962,-29962,-29962,-29964,-29964,-29963,-29962,-29964,-29963,-29964,-29966,-29966,-29959,-29961,-29962,-29963,-29971,-29971,-29970,-29971,-29968,-29943,-29966,-29965,-4627,-4618]} 1. Nf3 Nf6 2. c4 g6 3. g3 Bg7 4. Bg2 O-O 5. Nc3 d6 6. O-O c6 7. d3 e5 8. Rb1 a5 9. a3 h6 10. b4 axb4 11. axb4 Be6 12. b5 {A24: English Opening vs King's Indian: Lines without ...Nc6.} Nbd7 13. Nd2 Qc7 {[#]} 14. e4 $146 {The position is equal.} ({Predecessor:} 14. Nb3 d5 15. bxc6 bxc6 16. cxd5 cxd5 17. Bd2 Rab8 18. Qc1 Rfc8 19. d4 Qc4 20. Na5 Qxd4 21. Rxb8 Nxb8 {1-0 (29) Hernandez Sanchez,J (2298)-Gomez,S (1912) Cartagena 2019}) 14... Nh7 15. Bb2 f5 16. f4 exf4 17. gxf4 Nhf6 18. h3 {Black keeps a firm grip on the game.} (18. Qe2 $11 {remains equal.}) 18... Nh5 $17 {aiming for ...fxe4.} 19. Ne2 Nc5 20. Bxg7 Qxg7 21. Qc2 Ra3 22. Nb3 fxe4 23. Nxc5 dxc5 24. dxe4 Bxh3 25. Qb2 Qxb2 26. Rxb2 Bxg2 27. Kxg2 Re3 28. bxc6 bxc6 29. e5 $2 {[#]} (29. f5 {is tougher.}) 29... Rxe2+ $1 $19 {[%mdl 576] Remove Defender, Decoy} 30. Rxe2 {f5 is the strong threat.} Nxf4+ 31. Rxf4 Rxf4 {[%mdl 4096] Endgame KR-KR} 32. e6 {And now e7 would win.} Kf8 33. e7+ Ke8 34. Re6 Rxc4 35. Rxg6 Kxe7 36. Rxh6 $2 (36. Rxc6 $19 h5 37. Kf2) 36... Kd7 37. Kf3 Rd4 38. Ke3 Kc7 39. Rh8 Rd7 40. Rh1 Kb6 41. Rb1+ Ka5 42. Ra1+ Kb4 43. Rb1+ Ka3 44. Rc1 {[#]} Rd5 $1 45. Rc3+ Kb4 46. Rc1 c4 47. Rb1+ Kc3 48. Rc1+ {[#]} Kb3 $1 49. Rb1+ Kc2 {Weighted Error Value: White=0.61/Black=0.11} 0-1

[Event "XVI Ugra Cup 2020"]
[Site "Khanty-Mansiysk"]
[Date "2020.12.03"]
[Round "4.1"]
[White "Bocharov, Dmitry"]
[Black "Sarana, Alexey"]
[Result "0-1"]
[WhiteElo "2528"]
[BlackElo "2636"]
[Annotator "ChessBase"]
[PlyCount "128"]
[EventDate "2020.11.30"]
[EventType "swiss"]
[EventCountry "RUS"]
[SourceTitle "playchess.com"]
[Source "ChessBase"]
[SourceQuality "1"]
[TimeControl "5400+30"]

1. d4 {[%emt 0:05:31]} Nf6 {[%emt 0:00:19]} 2. c4 {[%emt 0:00:09]} e6 {[%emt 0:00:04]} 3. Nf3 {[%emt 0:00:38]} d5 {[%emt 0:00:05]} 4. Nc3 {[%emt 0:00:20]} c5 {[%emt 0:01:52]} 5. cxd5 {[%emt 0:00:42]} Nxd5 {[%emt 0:00:04]} 6. g3 {[%emt 0:01:24]} cxd4 {[%emt 0:03:28]} 7. Nxd5 {[%emt 0:02:00]} Qxd5 {[%emt 0:00:04]} 8. Qxd4 {[%emt 0:00:21]} Qb5 {[%emt 0:00:05]} 9. a4 {[%emt 0:11:35]} Qb4+ {[%emt 0:01:22]} 10. Bd2 {[%emt 0:02:54]} Nc6 {[%emt 0:00:13]} 11. Qxb4 {[%emt 0:03:58]} Nxb4 {[%emt 0:04:37]} 12. Rc1 {[%emt 0:00:36]} Bd7 {[%emt 0:00:13]} 13. a5 {[%emt 0:05:43]} Bc6 {[%emt 0:28:48]} 14. Bg2 {[%emt 0:01:21]} Bd6 {[%emt 0:00:10]} 15. O-O {[%emt 0:07:08]} Ke7 {[%emt 0:01:25]} 16. Rc4 {[%emt 0:11:56]} Na6 {[%emt 0:00:37]} 17. Rfc1 {[%emt 0:02:44]} Rhd8 {[%emt 0:14:45]} 18. Nd4 {[%emt 0:08:51]} Bxg2 {[%emt 0:00:57]} 19. Kxg2 {[%emt 0:00:18]} Be5 {[%emt 0:05:14]} 20. Nf3 {[%emt 0:02:42]} Bd6 {[%emt 0:05:23]} 21. b4 {[%emt 0:09:19]} Rd7 {[%emt 0:01:43]} 22. b5 {[%emt 0:07:56]} Nc7 {[%emt 0:00:15]} 23. Nd4 {[%emt 0:00:59]} g6 {[%emt 0:06:54]} 24. Bb4 {[%emt 0:04:09]} Bxb4 {[%emt 0:00:08]} 25. Rxb4 {[%emt 0:00:06]} e5 {[%emt 0:01:21]} 26. Rbc4 {[%emt 0:05:01]} Ne8 {[%emt 0:03:06]} 27. Nb3 {[%emt 0:02:00]} Nd6 {[%emt 0:00:04]} 28. Rb4 {[%emt 0:00:41]} b6 {[%emt 0:00:43]} 29. axb6 {[%emt 0:00:08]} axb6 {[%emt 0:00:02]} 30. Rc6 {[%emt 0:00:06]} Rb7 {[%emt 0:00:09]} 31. Nd2 {[%emt 0:01:48]} Ra2 {[%emt 0:00:16]} 32. Ne4 {[%emt 0:00:52]} Nxe4 {[%emt 0:07:13]} 33. Rxe4 {[%emt 0:00:07]} f6 {[%emt 0:00:02]} 34. f4 {[%emt 0:00:21]} Rb2 {[%emt 0:00:16]} 35. fxe5 {[%emt 0:00:14]} f5 {[%emt 0:00:02]} 36. Rh4 {[%emt 0:02:23]} Kf8 {[%emt 0:00:02]} 37. Kf3 {[%emt 0:00:43]} Rxb5 {[%emt 0:00:28]} 38. e6 {[%emt 0:00:19]} Re5 {[%emt 0:02:46]} 39. Rd4 {[%emt 0:00:45]} Rc5 {[%emt 0:04:52]} 40. Rxc5 {[%emt 0:00:33]} bxc5 {[%emt 0:00:02]} 41. Rd8+ {[%emt 0:00:02]} Ke7 {[%emt 0:00:12]} 42. Rc8 {[%emt 0:00:07]} Kd6 {[%emt 0:00:11]} 43. Kf4 {[%emt 0:01:06]} Re7 {[%emt 0:00:06]} 44. e4 {[%emt 0:00:24]} fxe4 {[%emt 0:00:30]} 45. Kxe4 {[%emt 0:00:01]} Rxe6+ {[%emt 0:00:07]} 46. Kd3 {[%emt 0:00:04]} Kd5 {[%emt 0:00:55]} 47. Rd8+ {[%emt 0:00:15]} Rd6 {[%emt 0:00:03]} 48. Re8 {[%emt 0:01:31]} Rd7 {[%emt 0:02:39]} 49. Rf8 {[%emt 0:00:19]} Ke5+ {[%emt 0:01:40]} 50. Ke3 {[%emt 0:00:56]} Ra7 {[%emt 0:00:05]} 51. Kd3 {[%emt 0:00:24]} Ra2 {[%emt 0:01:25]} 52. Rc8 {[%emt 0:00:41]} Kd5 {[%emt 0:00:05]} 53. Rd8+ {[%emt 0:00:15]} Ke6 {[%emt 0:00:06]} 54. h4 {[%emt 0:01:01]} Ra3+ {[%emt 0:00:07]} 55. Kc4 {[%emt 0:00:06]} Rxg3 {[%emt 0:00:05]} 56. Kxc5 {[%emt 0:00:25]} Rg4 {[%emt 0:03:19]} 57. Rd6+ {[%emt 0:00:18]} Ke7 {[%emt 0:00:48]} 58. Rd4 {[%emt 0:01:12]} Rxd4 {[%emt 0:00:05]} 59. Kxd4 {[%emt 0:00:01]} Ke6 {[%emt 0:00:06]} 60. Ke4 {[%emt 0:00:06]} h6 {[%emt 0:00:09]} 61. Kf4 {[%emt 0:00:16]} Kd5 {[%emt 0:00:05]} 62. Kf3 {[%emt 0:01:37]} Ke5 {[%emt 0:00:05]} 63. Ke3 {[%emt 0:00:06]} Kf5 {[%emt 0:00:04]} 64. Kf3 {[%emt 0:00:05]} h5 {[%emt 0:00:06]} 0-1

[Event "XVI Ugra Cup 2020"]
[Site "Khanty-Mansiysk"]
[Date "2020.12.03"]
[Round "4.2"]
[White "Savchenko, Boris"]
[Black "Matinian, Nikita"]
[Result "1/2-1/2"]
[WhiteElo "2551"]
[BlackElo "2470"]
[Annotator "ChessBase"]
[PlyCount "110"]
[EventDate "2020.11.30"]
[EventType "swiss"]
[EventCountry "RUS"]
[SourceTitle "playchess.com"]
[Source "ChessBase"]
[SourceQuality "1"]
[TimeControl "5400+30"]

1. d4 {[%emt 0:08:24]} Nf6 {[%emt 0:00:00]} 2. Nf3 {[%emt 0:01:21]} g6 {[%emt 0:00:00]} 3. b4 {[%emt 0:00:21]} Bg7 {[%emt 0:01:15]} 4. e3 {[%emt 0:12:58]} d5 {[%emt 0:04:17]} 5. Bb2 {[%emt 0:17:42]} Bf5 {[%emt 0:17:20]} 6. c4 {[%emt 0:04:03]} c6 {[%emt 0:05:44]} 7. a4 {[%emt 0:10:51]} O-O {[%emt 0:02:02]} 8. Na3 {[%emt 0:04:30]} Ne4 {[%emt 0:09:52]} 9. Qb3 {[%emt 0:00:42]} e6 {[%emt 0:00:50]} 10. Be2 {[%emt 0:03:10]} Nd7 {[%emt 0:06:07]} 11. Rd1 {[%emt 0:01:11]} g5 {[%emt 0:05:08]} 12. Nb1 {[%emt 0:00:36]} dxc4 {[%emt 0:06:16]} 13. Qxc4 {[%emt 0:11:22]} Nb6 {[%emt 0:00:43]} 14. Qb3 {[%emt 0:04:45]} Qd5 {[%emt 0:03:29]} 15. Qa3 {[%emt 0:00:09]} a5 {[%emt 0:04:15]} 16. b5 {[%emt 0:00:51]} Nc4 {[%emt 0:16:30]} 17. Bxc4 {[%emt 0:00:33]} Qxc4 {[%emt 0:01:33]} 18. Nbd2 {[%emt 0:07:56]} Qb4 {[%emt 0:00:48]} 19. bxc6 {[%emt 0:01:21]} bxc6 {[%emt 0:00:17]} 20. Qxb4 {[%emt 0:00:27]} axb4 {[%emt 0:00:06]} 21. Nxe4 {[%emt 0:00:12]} Bxe4 {[%emt 0:00:04]} 22. Nxg5 {[%emt 0:00:15]} Bc2 {[%emt 0:00:12]} 23. Ra1 {[%emt 0:01:00]} c5 {[%emt 0:00:44]} 24. Kd2 {[%emt 0:04:12]} Bxa4 {[%emt 0:00:32]} 25. Rhc1 {[%emt 0:00:25]} cxd4 {[%emt 0:01:43]} 26. exd4 {[%emt 0:00:54]} Bb3 {[%emt 0:02:26]} 27. Kd3 {[%emt 0:01:17]} Bd5 {[%emt 0:03:40]} 28. Ne4 {[%emt 0:00:27]} b3 {[%emt 0:00:53]} 29. Rxa8 {[%emt 0:00:26]} Rxa8 {[%emt 0:00:07]} 30. f3 {[%emt 0:00:35]} h6 {[%emt 0:02:01]} 31. Rb1 {[%emt 0:00:48]} Kh7 {[%emt 0:01:52]} 32. Bc1 {[%emt 0:01:24]} Ra2 {[%emt 0:01:01]} 33. Bb2 {[%emt 0:00:12]} Ra7 {[%emt 0:01:59]} 34. Bc1 {[%emt 0:00:18]} Ra4 {[%emt 0:00:44]} 35. Bb2 {[%emt 0:01:19]} Kg6 {[%emt 0:00:31]} 36. Nc5 {[%emt 0:00:25]} Ra2 {[%emt 0:00:39]} 37. Kc3 {[%emt 0:00:26]} Ra7 {[%emt 0:01:07]} 38. Bc1 {[%emt 0:00:37]} Rc7 {[%emt 0:01:10]} 39. Kd3 {[%emt 0:00:20]} Rc8 {[%emt 0:00:17]} 40. Bd2 {[%emt 0:00:28]} Rb8 {[%emt 0:00:24]} 41. Nd7 {[%emt 0:00:37]} Rb5 {[%emt 0:00:39]} 42. Kc3 {[%emt 0:00:33]} h5 {[%emt 0:00:44]} 43. Kd3 {[%emt 0:00:23]} Kf5 {[%emt 0:00:30]} 44. Nc5 {[%emt 0:00:12]} Rb8 {[%emt 0:00:45]} 45. Ne4 {[%emt 0:00:19]} e5 {[%emt 0:00:39]} 46. Nc3 {[%emt 0:00:35]} Bb7 {[%emt 0:00:17]} 47. Rxb3 {[%emt 0:01:03]} Ba6+ {[%emt 0:00:24]} 48. Kc2 {[%emt 0:00:07]} Bd3+ {[%emt 0:00:25]} 49. Kb2 {[%emt 0:00:43]} Rxb3+ {[%emt 0:00:04]} 50. Kxb3 {[%emt 0:00:07]} exd4 {[%emt 0:00:03]} 51. Nd5 {[%emt 0:00:32]} Bf1 {[%emt 0:01:04]} 52. Nf4 {[%emt 0:00:14]} h4 {[%emt 0:01:10]} 53. Kc2 {[%emt 0:00:14]} Be5 {[%emt 0:00:15]} 54. g3 {[%emt 0:00:15]} h3 {[%emt 0:00:42]} 55. Kd1 {[%emt 0:00:28]} Bxf4 {[%emt 0:00:31]} 1/2-1/2

[Event "XVI Ugra Cup 2020"]
[Site "Khanty-Mansiysk"]
[Date "2020.12.03"]
[Round "4.3"]
[White "Tunik, Sergey"]
[Black "Zvjaginsev, Vadim"]
[Result "0-1"]
[WhiteElo "2128"]
[BlackElo "2602"]
[Annotator "ChessBase"]
[PlyCount "110"]
[EventDate "2020.11.30"]
[EventType "swiss"]
[EventCountry "RUS"]
[SourceTitle "playchess.com"]
[Source "ChessBase"]
[SourceQuality "1"]
[TimeControl "5400+30"]

1. e4 {[%emt 0:00:00]} c5 {[%emt 0:00:47]} 2. Nc3 {[%emt 0:00:00]} e6 {[%emt 0:01:34]} 3. Nf3 {[%emt 0:04:02]} a6 {[%emt 0:00:59]} 4. d4 {[%emt 0:00:28]} cxd4 {[%emt 0:00:17]} 5. Nxd4 {[%emt 0:00:07]} d6 {[%emt 0:03:30]} 6. Be3 {[%emt 0:02:28]} b5 {[%emt 0:00:16]} 7. Nb3 {[%emt 0:06:18]} Nf6 {[%emt 0:03:24]} 8. f3 {[%emt 0:00:30]} Bb7 {[%emt 0:03:07]} 9. Qd2 {[%emt 0:03:58]} Nbd7 {[%emt 0:01:08]} 10. O-O-O {[%emt 0:00:47]} Rc8 {[%emt 0:01:47]} 11. Bd3 {[%emt 0:15:07]} Be7 {[%emt 0:03:13]} 12. Kb1 {[%emt 0:00:42]} O-O {[%emt 0:00:32]} 13. g4 {[%emt 0:05:49]} Ne5 {[%emt 0:03:06]} 14. Qf2 {[%emt 0:02:29]} Nfd7 {[%emt 0:02:21]} 15. Rhg1 {[%emt 0:04:00]} b4 {[%emt 0:05:00]} 16. Ne2 {[%emt 0:06:14]} d5 {[%emt 0:06:42]} 17. exd5 {[%emt 0:06:20]} Nxd3 {[%emt 0:01:07]} 18. Rxd3 {[%emt 0:00:15]} Bxd5 {[%emt 0:02:52]} 19. Nf4 {[%emt 0:09:29]} Bc4 {[%emt 0:00:41]} 20. Rd2 {[%emt 0:00:17]} Qc7 {[%emt 0:01:03]} 21. Nd4 {[%emt 0:05:15]} a5 {[%emt 0:09:40]} 22. b3 {[%emt 0:09:39]} Ba6 {[%emt 0:00:07]} 23. Nf5 {[%emt 0:05:23]} Ne5 {[%emt 0:04:05]} 24. Nxe7+ {[%emt 0:02:28]} Qxe7 {[%emt 0:01:31]} 25. Bd4 {[%emt 0:00:12]} Ng6 {[%emt 0:02:28]} 26. Nh5 {[%emt 0:02:14]} e5 {[%emt 0:00:38]} 27. Bb2 {[%emt 0:00:11]} Qc5 {[%emt 0:02:16]} 28. Re1 {[%emt 0:03:11]} Qxf2 {[%emt 0:01:03]} 29. Rxf2 {[%emt 0:00:05]} f5 {[%emt 0:04:41]} 30. gxf5 {[%emt 0:02:29]} Rxf5 {[%emt 0:00:12]} 31. Ng3 {[%emt 0:00:06]} Rff8 {[%emt 0:00:49]} 32. Re3 {[%emt 0:03:02]} Rc5 {[%emt 0:02:52]} 33. a3 {[%emt 0:01:00]} Rd5 {[%emt 0:01:04]} 34. c4 {[%emt 0:01:01]} bxc3 {[%emt 0:00:52]} 35. Bxc3 {[%emt 0:00:06]} Rc8 {[%emt 0:04:47]} 36. Kb2 {[%emt 0:00:21]} Nf4 {[%emt 0:00:21]} 37. Ne4 {[%emt 0:01:24]} Nd3+ {[%emt 0:03:43]} 38. Rxd3 {[%emt 0:00:05]} Bxd3 {[%emt 0:00:04]} 39. b4 {[%emt 0:00:08]} axb4 {[%emt 0:01:24]} 40. axb4 {[%emt 0:00:05]} Rf8 {[%emt 0:01:22]} 41. Nc5 {[%emt 0:00:34]} Bc4 {[%emt 0:00:56]} 42. Kc2 {[%emt 0:00:53]} g6 {[%emt 0:00:37]} 43. Bd2 {[%emt 0:00:48]} Ra8 {[%emt 0:02:02]} 44. f4 {[%emt 0:01:16]} Rf8 {[%emt 0:04:10]} 45. Kc3 {[%emt 0:00:31]} Bb5 {[%emt 0:00:15]} 46. Ne6 {[%emt 0:00:18]} Rf6 {[%emt 0:00:55]} 47. f5 {[%emt 0:00:09]} Rxf5 {[%emt 0:00:21]} 48. Rxf5 {[%emt 0:00:21]} gxf5 {[%emt 0:00:07]} 49. Nc7 {[%emt 0:00:07]} Rd3+ {[%emt 0:00:14]} 50. Kc2 {[%emt 0:00:25]} Bc4 {[%emt 0:00:09]} 51. b5 {[%emt 0:00:09]} Rb3 {[%emt 0:00:56]} 52. Bc3 {[%emt 0:00:48]} e4 {[%emt 0:00:11]} 53. Bd4 {[%emt 0:00:46]} e3 {[%emt 0:00:39]} 54. Ne8 {[%emt 0:00:23]} e2 {[%emt 0:00:51]} 55. Bf2 {[%emt 0:00:09]} Rf3 {[%emt 0:00:20]} 0-1